Country Flags with Animals - Statistics

General Stats
  • This quiz has been taken 25 times
  • The average score is 19 of 22
Answer Stats
Picture Answer % Correct
Albania
100%
Bhutan
95%
Croatia
95%
Ecuador
95%
Egypt
95%
Andorra
90%
Dominica
90%
Kiribati
90%
Malta
90%
Mexico
90%
Fiji
86%
Guatemala
86%
Kazakhstan
86%
Moldova
86%
Papua New Guinea
81%
Spain
81%
Serbia
76%
Sri Lanka
76%
Uganda
76%
Montenegro
71%
Zambia
71%
Zimbabwe
71%
No matching quizzes found
Score Distribution
Percent of People with Each Score
Percentile by Number Answered
Your Score History
You have not taken this quiz